000 00217nam a2200097Ia 4500
008 220204s9999 xx 000 0 und d
082 _a82-3
_bCOC
100 _aCockett, Mary
245 0 _aAs big as the ark
942 _cBK
999 _c32754
_d32754